[Event "Sabadell Otero Memorial"]
[Site "Sabadell"]
[Date "2023.04.21"]
[Round "2"]
[White "Riera Marcos, Albert"]
[Black "Del Amo Carbo, Jordi"]
[Result "0-1"]
[WhiteElo "1704"]
[BlackElo "2117"]
[PlyCount "106"]
[EventDate "2023.04.14"]
[EventType "swiss"]
[EventRounds "8"]
[EventCountry "ESP"]
[SourceTitle "EXT 2024"]
[Source "ChessBase"]
[SourceDate "2023.10.10"]
[SourceVersion "1"]
[SourceVersionDate "2023.10.10"]
[SourceQuality "1"]

1. Nf3 Nf6 2. g3 e6 3. Bg2 d5 4. 0-0 Be7 5. d3 0-0 6. c3 c5 7. Nbd2 Nc6 8. e4 Qc7 9. Qc2 b5 10. a4 b4 11. d4 cxd4 12. cxd4 Ba6 13. Re1 Rfc8 14. Kh1 Qb6 15. Qd1 Nxd4 16. Nxd4 Qxd4 17. exd5 Nxd5 18. Ne4 Qxd1 19. Rxd1 Rc2 20. Kg1 Rac8 21. Nd2 f5 22. Bf1 Bxf1 23. Rxf1 Bf6 24. Rb1 Nb6 25. a5 Na4 26. Nb3 Nxb2 27. Be3 a6 28. Bd4 Nd3 29. Bxf6 gxf6 30. Nd4 Rc1 31. Nxe6 Rxb1 32. Rxb1 Rc1+ 33. Rxc1 Nxc1 34. Nc5 b3 35. Na4 Nd3 36. f4 b2 37. Nc3 Nc5 38. Kf1 Nb3 39. Ke1 Nxa5 40. Kd1 Nc4 41. Kc2 Kf7 42. Kb3 Nd2+ 43. Kxb2 Nf1 44. Nd5 Nxh2 45. Ne3 Ke6 46. Kc3 Ng4 47. Nd1 Kd5 48. Kd3 Kc5 49. Kc3 a5 50. Nb2 Nf2 51. Na4+ Kb5 52. Kb3 Ne4 53. Nb2 Nxg3 0-1

[Event "Vic Primavera op 1st"]
[Site "Vic"]
[Date "2022.05.20"]
[Round "5"]
[White "Bellpuig Mencos, Gerard"]
[Black "Riera Marcos, Albert"]
[Result "1/2-1/2"]
[WhiteElo "1666"]
[BlackElo "1719"]
[PlyCount "125"]
[EventDate "2022.04.22"]
[EventType "swiss"]
[EventRounds "8"]
[EventCountry "ESP"]
[SourceTitle "EXT 2023"]
[Source "ChessBase"]
[SourceDate "2022.10.05"]
[SourceVersion "1"]
[SourceVersionDate "2022.10.05"]
[SourceQuality "1"]

1. d4 Nf6 2. c4 g6 3. Nc3 Bg7 4. e4 d6 5. Be2 0-0 6. Bg5 h6 7. Be3 e5 8. d5 a5 9. h4 Kh7 10. h5 g5 11. g4 c5 12. f3 b6 13. Nh3 Ne8 14. Nf2 Nc7 15. 0-0 f6 16. Nh1 Rf7 17. Ng3 Bf8 18. Qc2 Ne8 19. a3 Rfa7 20. Ra2 Bd7 21. Rfa1 Qc7 22. Kg2 Na6 23. Nb5 Bxb5 24. cxb5 Nb8 25. b4 axb4 26. axb4 Rxa2 27. Rxa2 Rxa2 28. Qxa2 Qb7 29. Bd3 Kg8 30. Nf5 Kh7 31. Bd2 Ng7 32. Ne3 Ne8 33. Nc4 Be7 34. Na5 Qa7 35. Qc4 Bd8 36. Nc6 Nxc6 37. dxc6 Kg7 38. Qe6 Qf7 39. Qc8 Qc7 40. Qf5 Qf7 41. Kg3 Kg8 42. Qc8 Qc7 43. Bc4+ Kf8 44. Qe6 Qg7 45. Qf5 Qe7 46. Bc3 Bc7 47. Bd5 Bb8 48. Qc8 Bc7 49. Be6 Qd8 50. Qa6 Qb8 51. Qa2 Ng7 52. Bg8 Qe8 53. Bh7 Ne6 54. Bf5 Nd4 55. Bg6 Qe6 56. Qa8+ Kg7 57. Bxd4 exd4 58. Qb7 Qe5+ 59. Kf2 Qh2+ 60. Kf1 Qh1+ 61. Kf2 Qh2+ 62. Kf1 Qh1+ 63. Kf2 1/2-1/2

[Event "Roncana op-A 10th"]
[Site "Santa Eulalia de Roncana"]
[Date "2016.11.05"]
[Round "6"]
[White "Riera Marcos, Albert"]
[Black "Arias Prieto, Diana"]
[Result "1/2-1/2"]
[WhiteElo "1757"]
[BlackElo "1557"]
[PlyCount "104"]
[EventDate "2016.09.24"]
[EventType "swiss"]
[EventRounds "8"]
[EventCountry "ESP"]
[SourceTitle "EXT 2018"]
[Source "ChessBase"]
[SourceDate "2017.10.13"]
[SourceVersion "1"]
[SourceVersionDate "2017.10.13"]
[SourceQuality "1"]

1. e4 d5 2. exd5 Qxd5 3. Nc3 Qd6 4. d4 c6 5. h3 Nf6 6. Nf3 e6 7. Bd3 Be7 8. Be3 Nbd7 9. Qd2 Nb6 10. Bf4 Qd8 11. Ne5 Nfd5 12. Nxd5 Nxd5 13. Bg3 Bd7 14. a3 b5 15. 0-0 0-0 16. Rae1 c5 17. dxc5 Bxc5 18. c4 bxc4 19. Bxc4 Nb6 20. Be2 Nd5 21. Rd1 Ba4 22. Rc1 Rc8 23. Bf3 Ne3 24. Qxd8 Rfxd8 25. Rfe1 Nf5 26. Bf4 Bb6 27. Nc4 Bb3 28. Nxb6 axb6 29. Rxc8 Rxc8 30. Rc1 Rxc1+ 31. Bxc1 b5 32. Kf1 Nd4 33. Bb7 f5 34. Ke1 h6 35. Kd2 e5 36. g3 g5 37. Bg2 Bc4 38. Bb7 Kf7 39. Ke1 f4 40. g4 Ke7 41. Bd2 Kd6 42. Bb4+ Kc7 43. Be4 Ne6 44. Bc3 Kd6 45. Bb4+ Kc7 46. Bf5 Nd4 47. Be4 Ne6 48. Be7 Kd7 49. Bf6 Kd6 50. h4 gxh4 51. Bxh4 Ng5 52. Bxg5 hxg5 1/2-1/2

[Event "Llinars del Valles op-A 9th"]
[Site "Llinars del Valles"]
[Date "2015.06.13"]
[Round "9"]
[White "Riera Marcos, Albert"]
[Black "Masdemont Serra, Guillem"]
[Result "1-0"]
[WhiteElo "1792"]
[BlackElo "1592"]
[PlyCount "65"]
[EventDate "2015.04.11"]
[EventType "swiss"]
[EventRounds "9"]
[EventCountry "ESP"]
[SourceTitle "EXT 2018"]
[Source "ChessBase"]
[SourceDate "2017.10.13"]
[SourceVersion "1"]
[SourceVersionDate "2017.10.13"]
[SourceQuality "1"]

1. e4 e5 2. Nf3 Nc6 3. Bb5 a6 4. Ba4 Nf6 5. 0-0 b5 6. Bb3 Be7 7. c3 d6 8. Re1 0-0 9. h3 Na5 10. Bc2 c5 11. d4 Nc6 12. Be3 Bb7 13. Nbd2 Qc7 14. d5 Nb8 15. Nf1 Nbd7 16. Ng3 Rfe8 17. Nf5 Bf8 18. Nh2 g6 19. Nh6+ Kg7 20. N2g4 Nxg4 21. Qxg4 Nf6 22. Nf5+ Kh8 23. Qh4 Nh5 24. Bg5 gxf5 25. Qxh5 f4 26. g3 fxg3 27. fxg3 Bg7 28. Rf1 Rf8 29. Rf6 Ra7 30. Raf1 Bc8 31. R1f4 Qe7 32. Rh4 h6 33. Rxh6+ 1-0

[Event "Llinars del Valles op-A 9th"]
[Site "Llinars del Valles"]
[Date "2015.05.30"]
[Round "7"]
[White "Cornejo Vera, Danilo"]
[Black "Riera Marcos, Albert"]
[Result "1/2-1/2"]
[WhiteElo "1723"]
[BlackElo "1792"]
[PlyCount "139"]
[EventDate "2015.04.11"]
[EventType "swiss"]
[EventRounds "9"]
[EventCountry "ESP"]
[SourceTitle "EXT 2016"]
[Source "ChessBase"]
[SourceDate "2015.10.08"]
[SourceVersion "1"]
[SourceVersionDate "2015.10.08"]
[SourceQuality "1"]

1. d4 Nf6 2. c4 e6 3. Nf3 b6 4. g3 Bb7 5. Bg2 Be7 6. 0-0 0-0 7. Nbd2 Ne4 8. Ne5 f5 9. Qc2 d5 10. b3 c5 11. e3 Nc6 12. Nxc6 Bxc6 13. Bb2 Nxd2 14. Qxd2 Rc8 15. Qe2 Qc7 16. Rac1 Qb7 17. f4 Rfd8 18. g4 dxc4 19. Bxc6 Qxc6 20. gxf5 exf5 21. Qxc4+ Qd5 22. Ba3 Kf7 23. Rfe1 Bf8 24. Kf2 Qxc4 25. Rxc4 cxd4 26. Bxf8 dxe3+ 27. Rxe3 Rxc4 28. bxc4 Kxf8 29. Kg3 Rc8 30. Ra3 Rc7 31. Kf3 Ke7 32. Ke3 Kd7 33. Kd4 Kc6 34. Re3 Rd7+ 35. Kc3 h6 36. Kb4 Rd2 37. Re6+ Kd7 38. Rg6 Rxa2 39. Rxg7+ Ke8 40. h3 a5+ 41. Kb5 Rb2+ 42. Kc6 a4 43. Ra7 Rb4 44. Kd5 Kd8 45. Kd6 Kc8 46. Kd5 Kb8 47. Re7 a3 48. Re1 Rb3 49. h4 b5 50. cxb5 Rxb5+ 51. Kc4 Ra5 52. Kb3 a2 53. Kb2 Ra4 54. Rf1 Kc7 55. Ka1 Kd6 56. Rg1 Rxf4 57. Rg6+ Ke5 58. Rxh6 Rf1+ 59. Kxa2 f4 60. Kb2 Kf5 61. Kc2 Rf3 62. Kd2 Rh3 63. Ke2 Kg4 64. Rh8 Rxh4 65. Rg8+ Kf5 66. Rf8+ Ke5 67. Re8+ Kf6 68. Kf3 Kf5 69. Rf8+ Ke5 70. Re8+ 1/2-1/2

[Event "Llinars del Valles op-A 9th"]
[Site "Llinars del Valles"]
[Date "2015.04.11"]
[Round "1"]
[White "Camos Ramio, Miguel"]
[Black "Riera Marcos, Albert"]
[Result "1-0"]
[WhiteElo "2013"]
[BlackElo "1792"]
[PlyCount "51"]
[EventDate "2015.04.11"]
[EventType "swiss"]
[EventRounds "9"]
[EventCountry "ESP"]
[SourceTitle "EXT 2016"]
[Source "ChessBase"]
[SourceDate "2015.10.08"]
[SourceVersion "1"]
[SourceVersionDate "2015.10.08"]
[SourceQuality "1"]

1. d4 Nf6 2. c4 e6 3. g3 d5 4. Bg2 Be7 5. Nf3 0-0 6. 0-0 b6 7. Nc3 Ba6 8. Ne5 c6 9. b3 Qc7 10. Bb2 dxc4 11. bxc4 Nfd7 12. Nxd7 Nxd7 13. Qa4 Bb7 14. Rac1 a6 15. d5 exd5 16. cxd5 c5 17. Rfd1 b5 18. Qc2 Bd6 19. Ne4 Rac8 20. Ng5 g6 21. Bh3 h6 22. Ne6 Qb6 23. Nxf8 Nxf8 24. Bxc8 Bxc8 25. Qc3 f6 26. Qxf6 1-0

[Event "Moia op 3rd"]
[Site "Moia"]
[Date "2014.09.19"]
[Round "1"]
[White "Farell Duran, Josep"]
[Black "Riera Marcos, Albert"]
[Result "0-1"]
[WhiteElo "1766"]
[BlackElo "1990"]
[PlyCount "62"]
[EventDate "2014.09.19"]
[EventType "swiss"]
[EventRounds "8"]
[EventCountry "ESP"]
[SourceTitle "EXT 2016"]
[Source "ChessBase"]
[SourceDate "2015.10.08"]
[SourceVersion "1"]
[SourceVersionDate "2015.10.08"]
[SourceQuality "1"]

1. Nf3 Nf6 2. c4 e6 3. Nc3 Bb4 4. a3 Bxc3 5. bxc3 b6 6. g3 0-0 7. Bg2 Ba6 8. d3 c6 9. 0-0 Qc7 10. Rb1 d6 11. Qc2 Nbd7 12. h3 d5 13. cxd5 cxd5 14. Bf4 e5 15. Bd2 Rac8 16. Rfc1 Nc5 17. Nh4 e4 18. d4 Ne6 19. Bf1 Nxd4 20. Qa4 Nxe2+ 21. Bxe2 Bxe2 22. Bf4 Qd7 23. Qd4 Rc4 24. Qe5 Re8 25. Qg5 h6 26. Qf5 Qe7 27. Rb2 Bh5 28. g4 g6 29. Nxg6 fxg6 30. Qe5 Qxe5 31. Bxe5 Rxe5 0-1

[Event "Llinars del Valles op-A 8th"]
[Site "Llinars del Valles"]
[Date "2014.05.31"]
[Round "5"]
[White "Riera Marcos, Albert"]
[Black "Chamorro Perea, Antoni"]
[Result "0-1"]
[WhiteElo "1792"]
[BlackElo "1987"]
[PlyCount "96"]
[EventDate "2014.04.26"]
[EventType "swiss"]
[EventRounds "8"]
[EventCountry "ESP"]
[SourceTitle "EXT 2015"]
[Source "ChessBase"]
[SourceDate "2014.11.20"]
[SourceVersion "1"]
[SourceVersionDate "2014.11.20"]
[SourceQuality "1"]

1. e4 c5 2. Nc3 d6 3. Nf3 g6 4. Bc4 Bg7 5. 0-0 e6 6. d3 Nc6 7. Ne2 Bd7 8. c3 Na5 9. Bb3 Nxb3 10. Qxb3 Qc7 11. Be3 Ne7 12. Nd2 b5 13. f4 0-0 14. d4 c4 15. Qd1 f5 16. e5 Nd5 17. Bf2 Bc6 18. h3 dxe5 19. dxe5 Bh6 20. g3 g5 21. Bc5 Rf7 22. Rf2 Bb7 23. Bd4 gxf4 24. gxf4 Rg7+ 25. Kf1 Qc6 26. Ke1 Kh8 27. Nf1 Rag8 28. Ne3 Nxe3 29. Bxe3 Rd7 30. Nd4 Rg1+ 31. Rf1 Rxf1+ 32. Kxf1 Qg2+ 33. Ke1 Qxh3 34. Kd2 Qh2+ 35. Qe2 Bxf4 36. Qxh2 Bxh2 37. Kc2 Be4+ 38. Kc1 Bxe5 39. Nxe6 Rd3 40. Bxa7 h5 41. a4 b4 42. cxb4 Rd6 43. a5 Rxe6 44. a6 Rd6 45. Be3 f4 46. a7 fxe3 47. a8Q+ Bxa8 48. Rxa8+ Kg7 0-1

[Event "Vall del Tenes op 3rd"]
[Site "Santa Eulalia de Roncana"]
[Date "2014.05.02"]
[Round "2"]
[White "Viaplana Puigdomenech, Santi"]
[Black "Riera Marcos, Albert"]
[Result "0-1"]
[WhiteElo "1796"]
[BlackElo "1984"]
[PlyCount "72"]
[EventDate "2014.04.25"]
[EventType "swiss"]
[EventRounds "8"]
[EventCountry "ESP"]
[SourceTitle "CBM 160 Extra"]
[Source "ChessBase"]
[SourceDate "2014.07.01"]
[SourceVersion "1"]
[SourceVersionDate "2014.07.01"]
[SourceQuality "1"]

1. d4 Nf6 2. Nf3 e6 3. e3 b6 4. Be2 Bb7 5. Nbd2 Be7 6. 0-0 0-0 7. c4 d5 8. b3 c5 9. Bb2 cxd4 10. Bxd4 Nc6 11. Bc3 dxc4 12. Bxc4 Nd5 13. Bxd5 Qxd5 14. Nc4 Ba6 15. Nfd2 b5 16. Qg4 f6 17. Na5 b4 18. Nxc6 Qxc6 19. Bxb4 Bxb4 20. Qxb4 Bxf1 21. Rxf1 Qc2 22. Qa5 Rfd8 23. Nf3 Rd1 24. Re1 Rad8 25. Nd4 Rxe1+ 26. Qxe1 Qxa2 27. Qc1 Qa6 28. g3 Qd6 29. Kg2 Qd5+ 30. Kh3 e5 31. Nc6 Rd7 32. b4 Rc7 33. b5 Qxb5 34. Qd2 Qxc6 35. Qd8+ Kf7 36. Qb8 Qb7 0-1

[Event "Vall del Tenes op 3rd"]
[Site "Santa Eulalia de Roncana"]
[Date "2014.04.25"]
[Round "1"]
[White "Riera Marcos, Albert"]
[Black "Alfonso Tanez, Raoul"]
[Result "0-1"]
[WhiteElo "1984"]
[BlackElo "1745"]
[PlyCount "86"]
[EventDate "2014.04.25"]
[EventType "swiss"]
[EventRounds "8"]
[EventCountry "ESP"]
[SourceTitle "CBM 160 Extra"]
[Source "ChessBase"]
[SourceDate "2014.07.01"]
[SourceVersion "1"]
[SourceVersionDate "2014.07.01"]
[SourceQuality "1"]

1. d4 d5 2. Nf3 Nf6 3. Bg5 Bf5 4. e3 h6 5. Bh4 g5 6. Bg3 Ne4 7. Nc3 a6 8. Nxe4 Bxe4 9. Bd3 f6 10. Bxe4 dxe4 11. Nd2 h5 12. h4 g4 13. Nxe4 Qd5 14. f3 Qa5+ 15. c3 Bh6 16. Qd3 Nd7 17. Nd2 0-0-0 18. Nb3 Qb6 19. f4 e5 20. 0-0 exd4 21. cxd4 Bf8 22. Rab1 Bd6 23. Nd2 Kb8 24. Ne4 c5 25. Nxd6 Qxd6 26. Qa3 f5 27. Rbc1 Rc8 28. Rc2 Rc6 29. Qd3 cxd4 30. Rxc6 Qxc6 31. exd4 Qd5 32. Re1 Rc8 33. b3 Nc5 34. Qd1 Ne4 35. Re3 Nxg3 36. Rxg3 Qe4 37. Rd3 Qxf4 38. Qf1 Rc1 39. Rd1 Qe3+ 40. Kh2 Rxd1 41. Qxd1 f4 42. d5 Qf2 43. Qd3 f3 0-1

[Event "Moia op 1st"]
[Site "Moia"]
[Date "2013.06.23"]
[Round "6"]
[White "Centelles Vivas, Aleix"]
[Black "Riera Marcos, Albert"]
[Result "1-0"]
[WhiteElo "1774"]
[BlackElo "1738"]
[PlyCount "141"]
[EventDate "2013.05.19"]
[EventType "swiss"]
[EventRounds "8"]
[EventCountry "ESP"]
[SourceTitle "EXT 2014"]
[Source "ChessBase"]
[SourceDate "2013.11.20"]
[SourceVersion "1"]
[SourceVersionDate "2013.11.20"]
[SourceQuality "1"]

1. d4 Nf6 2. c4 g6 3. Nc3 Bg7 4. e4 d6 5. f3 c5 6. dxc5 dxc5 7. Qxd8+ Kxd8 8. Be3 Nfd7 9. Nge2 Nc6 10. 0-0-0 b6 11. Nd5 h6 12. Bf4 e5 13. Be3 Nd4 14. Nec3 Bb7 15. Bd3 Nf6 16. Bc2 Nxd5 17. exd5 Bc8 18. Bd3 f5 19. Rhe1 Bd7 20. Ne2 Re8 21. Bf2 Kc7 22. Bg3 Kb7 23. Kb1 Bf6 24. a3 Ba4 25. Rc1 Nb3 26. Bc2 Nxc1 27. Bxa4 Nxe2 28. Bxe8 Nc3+ 29. Kc2 Rxe8 30. Kxc3 f4 31. Bf2 e4+ 32. Kc2 e3 33. Bg1 Kc7 34. g3 g5 35. b3 h5 36. h3 Bd4 37. Bh2 Be5 38. gxf4 gxf4 39. Rg1 e2 40. Re1 Bd6 41. Bg1 Rg8 42. Bf2 Rg2 43. Rxe2 Rh2 44. h4 Rh3 45. Be1 Rxf3 46. Rf2 Re3 47. Bd2 Re4 48. Kd3 Rd4+ 49. Kc2 Re4 50. Kd1 Kd7 51. a4 Ke7 52. Re2 Rxe2 53. Kxe2 Kf6 54. Kf3 Kf5 55. a5 Be5 56. axb6 axb6 57. b4 Bc7 58. bxc5 bxc5 59. Bc3 Bb8 60. Bg7 Bd6 61. Bh6 Be7 62. Bxf4 Bf6 63. Bd6 Bd4 64. Be7 Ke5 65. d6 Ke6 66. Kf4 Be5+ 67. Kg5 Bxd6 68. Bxd6 Kxd6 69. Kxh5 Ke7 70. Kg5 Kf7 71. Kf5 1-0

[Event "Moia op 1st"]
[Site "Moia"]
[Date "2013.06.16"]
[Round "5"]
[White "Riera Marcos, Albert"]
[Black "Climent Piguillem, Sixte"]
[Result "1-0"]
[WhiteElo "1738"]
[BlackElo "1700"]
[PlyCount "59"]
[EventDate "2013.05.19"]
[EventType "swiss"]
[EventRounds "8"]
[EventCountry "ESP"]
[SourceTitle "EXT 2014"]
[Source "ChessBase"]
[SourceDate "2013.11.20"]
[SourceVersion "1"]
[SourceVersionDate "2013.11.20"]
[SourceQuality "1"]

1. e4 d6 2. d4 Nf6 3. Nc3 g6 4. f3 Bg7 5. Be3 0-0 6. Bc4 Nfd7 7. Qd2 Nb6 8. Bb3 a5 9. Na4 N6d7 10. Nc3 e5 11. h4 Nc6 12. Nge2 b6 13. h5 exd4 14. Nxd4 Nxd4 15. Bxd4 g5 16. Nd5 h6 17. Bxg7 Kxg7 18. Qc3+ Ne5 19. Nxc7 Rb8 20. a4 Qf6 21. 0-0-0 Rd8 22. Nd5 Qe6 23. Nxb6 Qe8 24. Qxa5 Be6 25. Bxe6 fxe6 26. Rxd6 Kf6 27. Nd5+ Kf7 28. Rxd8 Rxd8 29. Qc7+ Nd7 30. Nb6 1-0

[Event "Moia op 1st"]
[Site "Moia"]
[Date "2013.06.02"]
[Round "3"]
[White "Riera Marcos, Albert"]
[Black "Lucas Ara, Alejandro"]
[Result "1/2-1/2"]
[WhiteElo "1738"]
[BlackElo "1890"]
[PlyCount "89"]
[EventDate "2013.05.19"]
[EventType "swiss"]
[EventRounds "8"]
[EventCountry "ESP"]
[SourceTitle "EXT 2014"]
[Source "ChessBase"]
[SourceDate "2013.11.20"]
[SourceVersion "1"]
[SourceVersionDate "2013.11.20"]
[SourceQuality "1"]

1. d4 Nf6 2. Nf3 g6 3. g3 Bg7 4. Bg2 d6 5. 0-0 0-0 6. c4 Nbd7 7. Nc3 c6 8. Bg5 h6 9. Bxf6 Bxf6 10. Qd2 Bg7 11. Nh4 Nb6 12. b3 e5 13. dxe5 dxe5 14. Rad1 Qe7 15. Ne4 g5 16. Nf3 f5 17. Qd6 Qxd6 18. Nxd6 e4 19. Ne1 Be5 20. f4 gxf4 21. gxf4 Bf6 22. Nc2 Be7 23. Bh3 Rf6 24. Nxc8 Rxc8 25. Nd4 Rcf8 26. e3 Bc5 27. Kf2 Na8 28. Rd2 Nc7 29. Rg1+ Kh8 30. Rgd1 Bb4 31. Rc2 Na6 32. Ne2 Nc5 33. Nc1 Ba3 34. Kg3 Rg8+ 35. Kh4 Rg7 36. Rcd2 Ne6 37. Rg2 Rxg2 38. Bxg2 Rg6 39. Bh3 Ng7 40. Bf1 Rg1 41. Ne2 Rg4+ 42. Kh3 Bc5 43. Nd4 Rg1 44. Ne2 Rg4 45. Nd4 1/2-1/2

[Event "Olot dels Volcans op"]
[Site "Olot"]
[Date "2010.06.05"]
[Round "6"]
[White "Riera Marcos, Albert"]
[Black "Diaz Comas, Jordi"]
[Result "1/2-1/2"]
[WhiteElo "1888"]
[BlackElo "2064"]
[PlyCount "113"]
[EventDate "2010.05.22"]
[EventType "swiss"]
[EventRounds "8"]
[EventCountry "ESP"]
[SourceTitle "EXT 2024"]
[Source "ChessBase"]
[SourceDate "2023.10.10"]
[SourceVersion "1"]
[SourceVersionDate "2023.10.10"]
[SourceQuality "1"]

1. e4 Nf6 2. e5 Nd5 3. d4 d6 4. c4 Nb6 5. exd6 cxd6 6. h3 g6 7. Be3 Bg7 8. Nf3 0-0 9. Be2 Nc6 10. 0-0 h6 11. Nc3 e5 12. dxe5 dxe5 13. Qxd8 Rxd8 14. Bxb6 axb6 15. Nd5 e4 16. Nd2 Bxb2 17. Rad1 Nd4 18. Rfe1 Nxe2+ 19. Rxe2 Be6 20. Nxe4 Bxd5 21. cxd5 Rxa2 22. Rb1 Rxd5 23. Rexb2 Rxb2 24. Rxb2 Re5 25. Nf6+ Kg7 26. Nd7 Re7 27. Nxb6 h5 28. f3 Rc7 29. Kf2 Re7 30. Nd5 Re5 31. Ne3 b5 32. Rb4 Rc5 33. g4 hxg4 34. hxg4 Kf6 35. Rf4+ Ke6 36. Rd4 f5 37. g5 Ke5 38. Rb4 f4 39. Ng2 Kf5 40. Rxf4+ Kxg5 41. Rg4+ Kf6 42. Ne3 g5 43. Ke2 Ke6 44. Rd4 Ke5 45. Kd3 Ke6 46. Rb4 Ke5 47. Ng4+ Kd5 48. Rd4+ Ke6 49. Nh6 Ke5 50. Nf7+ Kf6 51. Nd6 Ke6 52. Ne4 Re5 53. Rd6+ Ke7 54. Rg6 Rf5 55. Nxg5 b4 56. Rb6 Rxg5 57. Rxb4 1/2-1/2

[Event "Olot dels Volcans op"]
[Site "Olot"]
[Date "2010.05.29"]
[Round "3.7"]
[White "Padilla Lopez, Demetrio Roberto"]
[Black "Riera Marcos, Albert"]
[Result "0-1"]
[WhiteElo "1861"]
[BlackElo "1888"]
[PlyCount "96"]
[EventDate "2010.05.22"]
[EventType "swiss"]
[EventRounds "8"]
[EventCountry "ESP"]
[SourceTitle "EXT 2024"]
[Source "ChessBase"]
[SourceDate "2023.10.10"]
[SourceVersion "1"]
[SourceVersionDate "2023.10.10"]
[SourceQuality "1"]

1. e4 c5 2. c3 Nf6 3. e5 Nd5 4. d4 cxd4 5. Nf3 e6 6. cxd4 d6 7. Nc3 Nb6 8. Bb5+ Bd7 9. 0-0 Bxb5 10. Nxb5 a6 11. Nc3 Nc6 12. Be3 Be7 13. Qb3 Qc7 14. Rac1 0-0 15. Rfd1 d5 16. Nd2 f6 17. f4 Na5 18. Qc2 Nac4 19. Nxc4 Nxc4 20. Qe2 Qd7 21. Bf2 fxe5 22. fxe5 Bg5 23. Rc2 Rac8 24. Ne4 dxe4 25. Rxc4 e3 26. Bg3 Qb5 27. b3 Rc7 28. h4 Bh6 29. Qg4 Re7 30. Qe4 Qa5 31. Ra4 Qc3 32. Rc4 Qa5 33. Ra4 Qb6 34. Re1 Ref7 35. Rxe3 Bxe3+ 36. Qxe3 Qa7 37. Rc4 Rd7 38. Bf2 Rdd8 39. Qh3 Rde8 40. Be3 Qb8 41. Qg4 Rf7 42. h5 Rc7 43. Bh6 Kh8 44. Be3 Rxc4 45. bxc4 Qc8 46. d5 Qd7 47. dxe6 Qxe6 48. Qxe6 Rxe6 0-1